00473cam a22001577a 4500003000500000005001700005008004100022010001000063011001000073035001000083040000900093100002300102245010100125500006800226650002100294CHAP20220329140127.0971013s r 00010 d a47375 a48347 a52492 cCHAP00aVan der Hammen, T.12aA late-glacial and holocene pollen diagram from Cienega del Visitador (Dept. Boyacá, Colombia) aSobretiro de: Leidse Geologische Mededelingen 32: 193-201, 196514aPaleobotánica.